[Event "Bergisch Gladbach-ch"]
[Site "Bergisch Gladbach"]
[Date "2005.09.16"]
[Round "4"]
[White "Kruppa, Wolfgang"]
[Black "Akpinar, Abuzer"]
[Result "1-0"]
[WhiteElo "1750"]
[BlackElo "1432"]
[PlyCount "71"]
[EventDate "2005.08.26"]
[EventType "swiss"]
[EventRounds "7"]
[EventCountry "GER"]
[SourceTitle "CBM 108 Extra"]
[Source "ChessBase"]
[SourceDate "2005.11.04"]
[SourceVersion "1"]
[SourceVersionDate "2005.11.04"]
[SourceQuality "1"]

1. e4 e5 2. Nc3 Bc5 3. g3 Nc6 4. Bg2 d6 5. Na4 Bb4 6. c3 Ba5 7. b4 b5 8. bxa5 bxa4 9. Qxa4 Bd7 10. Qa3 Nf6 11. Ne2 0-0 12. 0-0 Rb8 13. d4 a6 14. h3 Qe7 15. d5 Na7 16. c4 c6 17. Be3 c5 18. Rab1 h6 19. Rb6 Rxb6 20. axb6 Nc6 21. dxc6 Bxc6 22. Nc3 Bb7 23. Nd5 Nxd5 24. cxd5 Qd8 25. Rb1 f5 26. f4 exf4 27. Bf2 fxe4 28. Bxe4 Qg5 29. Qf3 Qf6 30. g4 g5 31. a4 Kf7 32. a5 Rh8 33. Bf5 Re8 34. Be6+ Kf8 35. Qd3 Ke7 36. Qh7+ 1-0